Responses for Show #3987 - Tuesday, December 25, 2001

2001 Holiday Kids Week game 2.

Contestants

[<< previous game]

Jared Rothenberg, an 11-year-old from Houston, Texas

Suzie Lisky, a 12-year-old from Mendham, New Jersey

Josh Lacey, a 10-year-old from Ellicott City, Maryland

[next game >>]

Jeopardy! Round responses

A YOUNG ACTOR'S LIFE
I WANT CANDY!
RECENT EVENTS
O CANADA
FUN WITH COLORS
"OOM" PA-PA
    $200 26
soap opera

Josh
    $200 1
Valentine's Day

Jared
    $200 21
Shrek

Josh
    $200 6
baseball

Josh
    $200 8
green

Josh
    $200 16
zoom

Suzie
    $400 27
(Alex: You gave 'em all.)
(Josh: Okay, that works.)
[Laughter.]

Haley Joel Osment

Josh
    $400 2
Nerds

Josh
    $400 22
Mars

Suzie
    $400 7
(Josh: What is 500?)

3,000

JoshSuzie
    $400 10
red & blue

Jared
    $400 17
(Alex: The [*] helps cut the wedding cake, yes.)

groom

Josh
    $600 28
(Josh: Who is Jonathan Lipinicki?)

Jonathan Lipnicki

JoshSuzie
    $600 3
gummy

Jared
    $600 23
Michael Jordan

Josh
    $600 9
Jim Carrey

Suzie
    $600 11
Black

Josh
    $600 18
boom box

Jared
    $800 29
(Josh: What are quadruplets?)

triplets

JoshSuzie
    $800 4
Tootsie

Josh
    $800 24
California

Jared
    $1,400 14
French

Josh
    $800 12
pink

Josh
    $800 19
mushroom

Josh
    $1000 30
7th Heaven

Suzie
    $1000 5
Twix

Triple Stumper
    $1000 25
Titanic

Suzie
    $1000 15
Ottawa

Suzie
    $1000 13
brown

Josh
    $1000 20
bloom

Suzie

Scores at the first commercial break (after clue 15):

Josh Suzie Jared
$5,000 $2,000 $1,200

Scores at the end of the Jeopardy! Round:

Josh Suzie Jared
$6,200 $7,000 $2,600

Double Jeopardy! Round responses

CONSTITUTIONAL AMENDMENTS
COMPUTERS
A GOOD READ
LEGENDS OF THE GAMES
AROUND THE WORLD
"B" CAREFUL
    $400 26
1st

Josh
    $400 16
(Suzie: What is the Internet?)

modem

Suzie
Triple Stumper
    $400 21
Sarah

Suzie
    $400 1
figure skating

Suzie
    $400 11
China

Suzie
    $400 2
(Alex: Sofia's good.)

bubble gum

Jared
    $800 27
4th

Suzie
    $800 17
mouse

Jared
    $800 22
John Hancock

Josh
    $800 7
boxing

Jared
    $800 12
Ireland

Jared
    $800 3
The Bible

Suzie
    $1200 28
21

Josh
    $1200 18
touch screen

Triple Stumper
    $1200 23
The Giving Tree

Suzie
    $1200 8
hockey

Josh
    $1200 13
Italy

Suzie
    $1200 4
beef

Josh
    $1600 29
5

Suzie
    $2,000 19
(Alex: Pick a name
if you can think of one.)(Jared: What is Apple?)

Xerox

Jared
    $1600 24
The Indian in the Cupboard

Triple Stumper
    $1600 9
tennis

Suzie
    $1600 14
(Alex: Yes, that's where you were born, isn't it?)
(Josh: Yes, sir.)

Australia

Josh
    $1600 5
Babe

Jared
    $2000 30
12th

Triple Stumper
    $2000 20
random access memory

Suzie
    $400 25
Black Beauty

Suzie
    $2000 10
swimming

Josh
    $2000 15
Mexico

Josh
    $2000 6
backgammon

Jared

Scores at the end of the Double Jeopardy! Round:

Josh Suzie Jared
$16,600 $17,400 $7,000

[wagering suggestions for these scores]

Final Jeopardy! Round responses

NATURE
JaredWhat's the Animal Protectio
$6,998
JoshWhat is a koala?!!!!
$4,500
SuzieWhat are koala bears?
$700
koala

Final scores:

Josh Suzie Jared
$21,100 $18,100 $2
Winner: $21,100 & trip to Waikiki with stay at Hilton Hawaiian Village 2nd place: $1000 shopping spree at HPShopping.com & trip to Waikiki with stay at Hilton Hawaiian Village 3rd place: $1000 shopping spree at HPShopping.com & trip to Waikiki with stay at Hilton Hawaiian Village

Game dynamics:

Coryat scores:

Josh Suzie Jared
$16,000 $19,000 $9,000
22 R
(including 1 DD),
3 W
21 R
(including 1 DD),
1 W
11 R,
1 W
(including 1 DD)

Combined Coryat: $44,000

[game clues] [game scores] [suggest correction]

Game tape date: 2001-12-02
The J! Archive is created by fans, for fans. Scraping, republication, monetization, and malicious use prohibited; this site may use cookies and collect identifying information. See terms. The Jeopardy! game show and all elements thereof, including but not limited to copyright and trademark thereto, are the property of Jeopardy Productions, Inc. and are protected under law. This website is not affiliated with, sponsored by, or operated by Jeopardy Productions, Inc. Join the discussion at JBoard.tv.